[Event "UNAM w Prelim A"]
[Site "Mexico City MEX"]
[Date "2012.11.16"]
[Round "1.1"]
[White "Alexandrova, Olga"]
[Black "Van Weersel, Arlette"]
[Result "1-0"]
[WhiteTitle "IM"]
[BlackTitle "WIM"]
[WhiteElo "2409"]
[BlackElo "2168"]
[WhiteFideId "14102463"]
[BlackFideId "1009877"]
[EventDate "2012.11.16"]

1. d4 Nf6 2. c4 g6 3. Nc3 d5 4. e3 Bg7 5. cxd5 Nxd5 6. Nxd5 Qxd5 7. Ne2 O-O 8.
Nc3 Qd8 9. Be2 c5 10. d5 b6 11. O-O Bb7 12. e4 Nd7 13. Bf4 a6 14. a4 Qe8 15. Qd2
e5 16. dxe6 Qxe6 17. Rad1 Nf6 18. f3 Nh5 19. Be3 Rfe8 20. Nd5 Rad8 21. Bc4 b5
22. axb5 axb5 23. Bxb5 Rxd5 24. exd5 Qxe3+ 25. Qxe3 Rxe3 26. d6 Bf6 27. d7 Bd8
28. Rfe1 Re6 29. Bc4 Ng7 30. Bxe6 Nxe6 31. Rd6 Kf8 32. Rdxe6 fxe6 33. Rxe6 Be7
34. Rb6 Bd5 35. Rd6 Bf7 36. d8=Q+ Bxd8 37. Rxd8+ Ke7 38. Rd2 Be6 39. Kf2 Kf6 40.
Ke3 Ke5 41. f4+ Kf5 42. Rc2 c4 43. h3 h5 44. g3 g5 45. g4+ hxg4 46. hxg4+ Kxg4
47. Rg2+ Kf5 48. Rxg5+ Kf6 49. Kd4 Bf7 50. Rc5 Be6 51. Rxc4 Kf5 52. Rc6 1-0

[Event "UNAM w Prelim A"]
[Site "Mexico City MEX"]
[Date "2012.11.16"]
[Round "1.2"]
[White "Van Weersel, Arlette"]
[Black "Alexandrova, Olga"]
[Result "1/2-1/2"]
[WhiteTitle "WIM"]
[BlackTitle "IM"]
[WhiteElo "2168"]
[BlackElo "2409"]
[WhiteFideId "1009877"]
[BlackFideId "14102463"]
[EventDate "2012.11.16"]

1. e4 e6 2. d4 d5 3. Nc3 dxe4 4. Nxe4 Nd7 5. Bd3 Ngf6 6. Nf3 Nxe4 7. Bxe4 Nf6 8.
Bd3 c5 9. dxc5 Bxc5 10. O-O O-O 11. Bg5 Qc7 12. Nd2 Be7 13. Qf3 e5 14. Rae1 Re8
15. Qg3 Nh5 16. Qh4 Bxg5 17. Qxg5 Nf6 18. Re3 h6 19. Qh4 Be6 20. Rfe1 Bd5 21. c4
Bc6 22. b4 b6 23. Be4 Nxe4 24. Nxe4 Bxe4 25. Qxe4 Rac8 26. Rc3 Qd7 27. h3 Qa4
28. Qb1 Qc6 29. a3 Rcd8 30. c5 bxc5 31. Rxc5 Qd6 32. Qe4 f6 33. Qc4+ Qe6 34.
Qxe6+ Rxe6 35. Rc7 Ra6 36. Re3 Rf8 37. Rec3 Rf7 38. Rc8+ Kh7 39. Kf1 Rd7 40. Ke2
Kg6 41. R8c6 Rxc6 42. Rxc6 Kf5 43. Ke3 g5 44. g3 h5 45. f3 g4 46. fxg4+ hxg4 47.
h4 Rb7 48. Ra6 Rc7 49. Rd6 Rc3+ 50. Rd3 Rc6 51. a4 Rb6 52. Rb3 a6 53. b5 axb5
54. axb5 Ke6 55. Ke4 f5+ 56. Ke3 Kd5 57. h5 Kc5 58. Rc3+ Kd5 59. Rb3 Kc5 60. Rb1
Kd5 61. Kd3 f4 62. gxf4 exf4 63. Rb4 Ke5 64. Ke2 Kf5 65. h6 Rxh6 66. b6 Rh8 67.
b7 Rb8 68. Rb6 Ke4 69. Rb4+ Kf5 70. Rb5+ Ke4 71. Rb4+ Ke5 72. Rb5+ Kd6 73. Rb4
f3+ 74. Kf2 Kc7 75. Rxg4 Ra8 1/2-1/2

[Event "UNAM w Prelim A"]
[Site "Mexico City MEX"]
[Date "2012.11.16"]
[Round "1.3"]
[White "Alexandrova, Olga"]
[Black "Van Weersel, Arlette"]
[Result "1-0"]
[WhiteTitle "IM"]
[BlackTitle "WIM"]
[WhiteElo "2409"]
[BlackElo "2168"]
[WhiteFideId "14102463"]
[BlackFideId "1009877"]
[EventDate "2012.11.16"]

1. d4 Nf6 2. c4 g6 3. Nc3 d5 4. cxd5 Nxd5 5. e4 Nxc3 6. bxc3 Bg7 7. Nf3 c5 8.
Bb5+ Nd7 9. O-O O-O 10. a4 cxd4 11. cxd4 Nf6 12. Bd3 b6 13. Rb1 Bb7 14. d5 e6
15. dxe6 fxe6 16. Ng5 Qd6 17. Qb3 Rfe8 18. Bc4 Nxe4 19. Bxe6+ Rxe6 20. Qxe6+
Qxe6 21. Nxe6 Nc3 22. Rb4 Ne2+ 23. Kh1 Bc3 24. Rh4 Re8 25. Nf4 Nxc1 26. Rxc1 Bd2
27. Rd1 g5 28. Nh5 Bc3 29. Rc4 Be5 30. f3 Kf7 31. Rd7+ Re7 32. Rxe7+ Kxe7 33.
Ng3 Bd5 34. Rg4 h6 35. Nf5+ Kf6 36. Ne3 Be6 37. Rb4 Bd6 38. Rb1 Bc5 39. Ng4+ Kg6
40. g3 Bf5 41. Rc1 h5 42. Ne5+ Kf6 43. Nc4 Be6 44. Kg2 Bd5 45. Nd2 Be3 46. Rd1
g4 47. Kf1 Kf5 48. fxg4+ hxg4 49. Ke2 Bc5 50. Kd3 Bc6 51. Ra1 Bb7 52. Kc4 Ke5
53. Re1+ Kf5 54. Nb3 Ba6+ 55. Kd5 Bb7+ 56. Kc4 Ba6+ 57. Kc3 Bd6 58. Nd4+ Kf6 59.
Ra1 1-0

[Event "UNAM w Prelim A"]
[Site "Mexico City MEX"]
[Date "2012.11.16"]
[Round "1.4"]
[White "Van Weersel, Arlette"]
[Black "Alexandrova, Olga"]
[Result "0-1"]
[WhiteTitle "WIM"]
[BlackTitle "IM"]
[WhiteElo "2168"]
[BlackElo "2409"]
[WhiteFideId "1009877"]
[BlackFideId "14102463"]
[EventDate "2012.11.16"]

1. e4 e6 2. d4 d5 3. Nc3 dxe4 4. Nxe4 Nd7 5. Nf3 Ngf6 6. Bd3 Nxe4 7. Bxe4 Nf6 8.
Bd3 c5 9. dxc5 Bxc5 10. O-O O-O 11. Bg5 Qc7 12. Nd2 Be7 13. Qf3 Nd5 14. Bxe7
Qxe7 15. c4 Nb4 16. Bb1 Nc6 17. Be4 Bd7 18. Rad1 Rad8 19. b3 f5 20. Bb1 e5 21.
Rfe1 e4 22. Qc3 Qc5 23. Nf1 Be6 24. Ne3 a5 25. Rd2 Rxd2 26. Qxd2 Rd8 27. Qe2 g6
28. Nd1 Qd4 29. Ne3 Qd2 30. Kf1 Kf7 31. Rd1 Qxe2+ 32. Kxe2 Rxd1 33. Nxd1 Kf6 34.
Nc3 Ke5 35. h4 Nd4+ 36. Ke3 f4+ 37. Kd2 Bf5 38. g4 Bxg4 39. Bxe4 Bf3 40. Kd3 b6
41. Bd5 h5 42. Bf7 g5 43. hxg5 h4 44. g6 Nf5 45. Ne2 h3 46. Ng1 Be4+ 0-1

[Event "UNAM w Prelim A"]
[Site "Mexico City MEX"]
[Date "2012.11.16"]
[Round "1.1"]
[White "Pina Vega, Sulennis"]
[Black "Orlova, Yelizaveta"]
[Result "1-0"]
[WhiteTitle "WGM"]
[BlackTitle "WCM"]
[WhiteElo "2332"]
[BlackElo "1961"]
[WhiteFideId "3503151"]
[BlackFideId "2601826"]
[EventDate "2012.11.16"]

1. e4 c5 2. Nf3 Nc6 3. Bb5 e5 4. Bxc6 dxc6 5. O-O Qc7 6. h3 Be7 7. d3 h6 8. Nbd2
Be6 9. Nh2 O-O-O 10. Qe2 g5 11. Nb3 h5 12. Be3 b6 13. a4 Bxb3 14. cxb3 f6 15. a5
b5 16. Rfc1 g4 17. h4 f5 18. g3 f4 19. Bxc5 Bxh4 20. gxh4 g3 21. fxg3 fxg3 22.
Nf3 Nf6 23. Kg2 Kb8 24. Be3 Ng4 25. Ng5 Rhe8 26. Rf1 Rd7 27. Kxg3 Qd6 28. Rf3
Rc8 29. Bg1 c5 30. Rc1 a6 31. Rc3 Rdc7 32. Rf7 Rxf7 33. Nxf7 Qe7 34. Ng5 Qd6 35.
b4 Qd8 1-0

[Event "UNAM w Prelim A"]
[Site "Mexico City MEX"]
[Date "2012.11.16"]
[Round "1.2"]
[White "Orlova, Yelizaveta"]
[Black "Pina Vega, Sulennis"]
[Result "0-1"]
[WhiteTitle "WCM"]
[BlackTitle "WGM"]
[WhiteElo "1961"]
[BlackElo "2332"]
[WhiteFideId "2601826"]
[BlackFideId "3503151"]
[EventDate "2012.11.16"]

1. b3 Nf6 2. Bb2 g6 3. Bxf6 exf6 4. c4 Bg7 5. Nc3 f5 6. g3 O-O 7. Bg2 Re8 8. Rc1
d6 9. e3 Nd7 10. Nge2 Rb8 11. O-O Nf6 12. h4 h6 13. Nf4 c6 14. d3 Ng4 15. Qd2
Qf6 16. b4 g5 17. Nh5 Qg6 18. Nxg7 Kxg7 19. hxg5 hxg5 20. Rfe1 Qh6 21. f3 Qh2+
22. Kf1 Ne5 23. Kf2 f4 24. exf4 gxf4 25. gxf4 Bh3 26. Rg1 Ng6 27. Kf1 Kf8 28.
Rc2 Nxf4 29. Bxh3 Qxh3+ 30. Kf2 Qf5 31. Ne4 Nh3+ 32. Kg2 Re6 33. Kh2 Nxg1 34.
Kxg1 Rg6+ 35. Kf2 Re8 36. Qc3 Qh5 0-1

[Event "UNAM w Prelim A"]
[Site "Mexico City MEX"]
[Date "2012.11.16"]
[Round "1.3"]
[White "Pina Vega, Sulennis"]
[Black "Orlova, Yelizaveta"]
[Result "1-0"]
[WhiteTitle "WGM"]
[BlackTitle "WCM"]
[WhiteElo "2332"]
[BlackElo "1961"]
[WhiteFideId "3503151"]
[BlackFideId "2601826"]
[EventDate "2012.11.16"]

1. e4 c5 2. Nf3 Nc6 3. Bb5 Nd4 4. Nxd4 cxd4 5. O-O g6 6. c3 Bg7 7. cxd4 Bxd4 8.
Nc3 a6 9. Ba4 b5 10. Bc2 d6 11. Kh1 Bb7 12. f4 Nf6 13. Ne2 Bb6 14. d3 Qc7 15.
Bd2 O-O 16. Rc1 Rac8 17. Qe1 d5 18. e5 Ng4 19. d4 f5 20. Bxf5 1-0

[Event "UNAM w Prelim A"]
[Site "Mexico City MEX"]
[Date "2012.11.16"]
[Round "1.4"]
[White "Orlova, Yelizaveta"]
[Black "Pina Vega, Sulennis"]
[Result "0-1"]
[WhiteTitle "WCM"]
[BlackTitle "WGM"]
[WhiteElo "1961"]
[BlackElo "2332"]
[WhiteFideId "2601826"]
[BlackFideId "3503151"]
[EventDate "2012.11.16"]

1. d4 d5 2. Nf3 Nf6 3. b3 Bf5 4. Bb2 h6 5. e3 e6 6. c4 Bb4+ 7. Nbd2 Ne4 8. a3
Bc3 9. Bxc3 Nxc3 10. Qc1 Ne4 11. Nxe4 Bxe4 12. Qc3 O-O 13. Bd3 Bxd3 14. Qxd3 c6
15. Ne5 Nd7 16. Nxd7 Qxd7 17. e4 dxe4 18. Qxe4 Rad8 19. Rd1 e5 20. d5 f5 21. Qe2
Qe7 22. b4 e4 23. O-O cxd5 24. cxd5 Rd6 25. Rfe1 Re8 26. Qc4 Kh8 27. Qd4 a6 28.
a4 Red8 29. f3 Rxd5 30. Qxd5 Rxd5 31. Rxd5 Qxb4 32. Kf2 exf3 33. gxf3 Qxa4 34.
Re2 Qh4+ 35. Kg2 Qg5+ 36. Kf2 Qf6 37. Ree5 f4 38. Rf5 Qb2+ 39. Kg1 Qe2 0-1

[Event "UNAM w Prelim A"]
[Site "Mexico City MEX"]
[Date "2012.11.16"]
[Round "1.1"]
[White "Nakhbayeva, Guliskhan"]
[Black "Rizzo, Marina"]
[Result "1-0"]
[WhiteTitle "WIM"]
[BlackTitle "WFM"]
[WhiteElo "2334"]
[BlackElo "2054"]
[WhiteFideId "13704788"]
[BlackFideId "102687"]
[EventDate "2012.11.16"]

1. d4 d5 2. c4 e6 3. Nc3 Nf6 4. cxd5 exd5 5. Bg5 Be7 6. e3 O-O 7. Bd3 Nbd7 8.
Qc2 Re8 9. Nf3 c6 10. h3 Nf8 11. O-O h6 12. Bf4 Bd6 13. Ne5 Ne6 14. Bh2 c5 15.
Nb5 Bb8 16. dxc5 Nxc5 17. Nxf7 Bxh2+ 18. Kxh2 Qb6 19. Nfd6 Re6 20. Nxc8 Rxc8 21.
Bf5 Rce8 22. Bxe6+ Nxe6 23. Nc3 d4 24. exd4 Nxd4 25. Qa4 Kh8 26. Rad1 Qc7+ 27.
Kg1 Ne2+ 28. Nxe2 Rxe2 29. Qd4 a6 30. Qd8+ Qxd8 31. Rxd8+ Kh7 32. Rb1 Re7 33.
Kf1 Kg6 34. Rc1 Kf5 35. Rc5+ Kg6 36. Rdc8 Ne4 37. Rc2 Nd6 38. R8c7 Re5 39. Rd2
Ne4 40. Rdd7 Rb5 41. Rxg7+ Kh5 42. Rg8 Ra5 1-0

[Event "UNAM w Prelim A"]
[Site "Mexico City MEX"]
[Date "2012.11.16"]
[Round "1.2"]
[White "Rizzo, Marina"]
[Black "Nakhbayeva, Guliskhan"]
[Result "1-0"]
[WhiteTitle "WFM"]
[BlackTitle "WIM"]
[WhiteElo "2054"]
[BlackElo "2334"]
[WhiteFideId "102687"]
[BlackFideId "13704788"]
[EventDate "2012.11.16"]

1. e4 e6 2. d4 d5 3. Nd2 Nf6 4. e5 Nfd7 5. Bd3 c5 6. c3 Nc6 7. Ne2 cxd4 8. cxd4
f6 9. f4 f5 10. Nf3 Be7 11. O-O O-O 12. Kh1 Nb6 13. Rg1 Kh8 14. g4 g6 15. Qf1 a5
16. Qh3 Rg8 17. gxf5 exf5 18. Ng5 Rg7 19. Bd2 Nc4 20. Bc3 b5 21. b3 Na3 22. Rac1
Qb6 23. Bb2 b4 24. Qg2 Nd8 25. h4 Ne6 26. Nxe6 Qxe6 27. Ng3 Rg8 28. Qh3 Bb7 29.
h5 g5 30. Bxf5 Qf7 31. Rc7 gxf4 32. Be6 Rxg3 33. Rxg3 Qf8 34. Rg8+ Qxg8 35. Bxg8
Rxg8 36. Rxe7 Bc8 37. Qd3 Rg7 38. Rxg7 Kxg7 39. Qd1 1-0

[Event "UNAM w Prelim A"]
[Site "Mexico City MEX"]
[Date "2012.11.16"]
[Round "1.3"]
[White "Nakhbayeva, Guliskhan"]
[Black "Rizzo, Marina"]
[Result "1-0"]
[WhiteTitle "WIM"]
[BlackTitle "WFM"]
[WhiteElo "2334"]
[BlackElo "2054"]
[WhiteFideId "13704788"]
[BlackFideId "102687"]
[EventDate "2012.11.16"]

1. d4 d5 2. c4 e6 3. Nc3 Nf6 4. cxd5 exd5 5. Bg5 Be7 6. e3 O-O 7. Bd3 b6 8. h3
Bb7 9. Nf3 Nbd7 10. O-O Ne4 11. Bxe7 Qxe7 12. Rc1 Rac8 13. Nb5 c5 14. dxc5 bxc5
15. Be2 a6 16. Nc3 Ndf6 17. Qa4 Rfd8 18. Rfe1 Qd6 19. Qb3 Rb8 20. Qc2 Nxc3 21.
Qxc3 Ne4 22. Qc2 Ba8 23. b3 a5 24. Red1 Qf6 25. Bd3 a4 26. Bxe4 dxe4 27. Nd2
axb3 28. Nxb3 Rdc8 29. Qc4 h6 30. Rd2 Bb7 31. Nxc5 Ba6 32. Qxe4 Bb7 33. Qd4 Qg6
34. f4 Ba8 35. Rcd1 Rb5 36. Nb3 Rd5 37. Qb4 Rxd2 38. Rxd2 Kh7 39. Kh2 Re8 40.
Qc3 h5 41. Qd3 Be4 42. Qb5 Rd8 43. Nd4 f6 44. Qe2 f5 45. Rb2 h4 46. Qf2 Qf6 47.
Rb5 Ra8 48. Nf3 Bxf3 49. Qxf3 Rxa2 50. Qh5+ Qh6 51. Qxf5+ Qg6 52. Qh5+ Qh6 53.
Qf7 Rxg2+ 54. Kxg2 Qc6+ 55. Qd5 Qc2+ 56. Kf3 Qd1+ 57. Ke4 1-0

[Event "UNAM w Prelim A"]
[Site "Mexico City MEX"]
[Date "2012.11.16"]
[Round "1.4"]
[White "Rizzo, Marina"]
[Black "Nakhbayeva, Guliskhan"]
[Result "1-0"]
[WhiteTitle "WFM"]
[BlackTitle "WIM"]
[WhiteElo "2054"]
[BlackElo "2334"]
[WhiteFideId "102687"]
[BlackFideId "13704788"]
[EventDate "2012.11.16"]

1. e4 e6 2. d4 d5 3. Nd2 Nc6 4. Ngf3 Nf6 5. e5 Nd7 6. Bd3 Nb4 7. Be2 c5 8. c3
Nc6 9. Bd3 Qb6 10. O-O cxd4 11. cxd4 Nxd4 12. Nxd4 Qxd4 13. Nf3 Qb6 14. Qe2 h6
15. b3 Be7 16. Be3 Bc5 17. Bf4 O-O 18. Rac1 f5 19. exf6 Nxf6 20. Ne5 Bd7 21.
Nxd7 Nxd7 22. Bg3 e5 23. Qg4 Nf6 24. Qg6 e4 25. Bb1 Rae8 26. Bh4 e3 27. Bxf6
exf2+ 28. Kh1 Qxf6 29. Qh7+ Kf7 30. Rxc5 Re1 31. Rc7+ Ke6 32. Qd3 Qe5 33. Qh3+
Kf6 34. Qh4+ Ke6 35. Qe7# 1-0

[Event "UNAM w Prelim A"]
[Site "Mexico City MEX"]
[Date "2012.11.17"]
[Round "2.1"]
[White "Van Weersel, Arlette"]
[Black "Rizzo, Marina"]
[Result "1-0"]
[WhiteTitle "WIM"]
[BlackTitle "WFM"]
[WhiteElo "2168"]
[BlackElo "2054"]
[WhiteFideId "1009877"]
[BlackFideId "102687"]
[EventDate "2012.11.16"]

1. e4 e5 2. Nf3 Nc6 3. Bc4 Nf6 4. d3 d6 5. c3 Be7 6. Bb3 Be6 7. Nbd2 h6 8. Nf1
Qd7 9. Ng3 g6 10. d4 Bxb3 11. Qxb3 Rb8 12. h3 Kf8 13. O-O Kg7 14. Be3 a6 15.
Rad1 Qc8 16. Nh2 h5 17. Qc2 h4 18. Ne2 b5 19. f4 b4 20. Nf3 Rh5 21. Bf2 Nd7 22.
Rd2 bxc3 23. bxc3 Na5 24. dxe5 Nc4 25. Rd4 Rb2 26. Qd1 Ndb6 27. exd6 Bxd6 28.
Rxc4 Nxc4 29. Qd4+ Kg8 30. Qxc4 Qb7 31. Nxh4 Ra5 32. e5 Bf8 33. e6 Raxa2 34.
exf7+ Kg7 35. Qe6 Rb6 36. Bxb6 Qxb6+ 37. Qxb6 cxb6 38. Nd4 Kxf7 39. f5 g5 40.
Ng6 Bc5 41. Ne5+ Kf6 42. Nd7+ Kf7 43. Nxc5 bxc5 44. Nf3 Kf6 45. Nh2 a5 46. Ng4+
Kf7 47. f6 a4 48. Ne5+ Kf8 49. f7 Re2 50. Ng6+ Kg7 51. f8=Q+ Kxg6 52. Qg8+ 1-0

[Event "UNAM w Prelim A"]
[Site "Mexico City MEX"]
[Date "2012.11.17"]
[Round "2.2"]
[White "Rizzo, Marina"]
[Black "Van Weersel, Arlette"]
[Result "0-1"]
[WhiteTitle "WFM"]
[BlackTitle "WIM"]
[WhiteElo "2054"]
[BlackElo "2168"]
[WhiteFideId "102687"]
[BlackFideId "1009877"]
[EventDate "2012.11.16"]

1. e4 e5 2. Nf3 Nc6 3. Bb5 a6 4. Ba4 Nf6 5. O-O Be7 6. Re1 b5 7. Bb3 d6 8. c3
O-O 9. d4 Bg4 10. d5 Na5 11. Bc2 c6 12. Be3 cxd5 13. exd5 e4 14. h3 Bh5 15. g4
exf3 16. gxh5 Nc4 17. Qxf3 Ne5 18. Qf5 g6 19. hxg6 fxg6 20. Qe6+ Rf7 21. Nd2 Nh5
22. f4 Ng7 23. fxe5 Nxe6 24. dxe6 Rf8 25. Bd4 dxe5 26. Rxe5 Qc7 27. Bb3 Rf4 28.
Re2 Raf8 29. Rae1 R4f5 30. Ne4 a5 31. a3 Rf3 32. h4 Qf4 33. Rg2 Qxh4 34. Bf2 Qf4
35. Ba2 Rh3 36. Bg3 Qh6 37. Rh2 Rxh2 38. Bxh2 Qh4 39. Bg3 Qh3 40. Bd6 Qg4+ 41.
Bg3 h5 42. Kh2 Kh7 43. Bd5 h4 44. Be5 Qf5 45. Bd4 Qxd5 46. Rh1 0-1

[Event "UNAM w Prelim A"]
[Site "Mexico City MEX"]
[Date "2012.11.17"]
[Round "2.3"]
[White "Van Weersel, Arlette"]
[Black "Rizzo, Marina"]
[Result "1-0"]
[WhiteTitle "WIM"]
[BlackTitle "WFM"]
[WhiteElo "2168"]
[BlackElo "2054"]
[WhiteFideId "1009877"]
[BlackFideId "102687"]
[EventDate "2012.11.16"]

1. e4 e5 2. Nf3 Nc6 3. Bc4 Nf6 4. d3 Be7 5. c3 O-O 6. Bb3 d6 7. Nbd2 h6 8. Nf1
Re8 9. Ng3 Bf8 10. h3 g6 11. O-O Bg7 12. Be3 d5 13. Qe2 Be6 14. Rad1 Qe7 15. Ba4
Bd7 16. Bc2 Rad8 17. Rfe1 a6 18. Bc1 Kh7 19. Bb3 Be6 20. Ba4 b5 21. Bc2 g5 22.
exd5 Nxd5 23. d4+ Kh8 24. Nxe5 Nxe5 25. dxe5 Bc8 26. Qe4 f5 27. Nxf5 Bxf5 28.
Qxf5 Bxe5 29. Rxe5 1-0

[Event "UNAM w Prelim A"]
[Site "Mexico City MEX"]
[Date "2012.11.17"]
[Round "2.4"]
[White "Rizzo, Marina"]
[Black "Van Weersel, Arlette"]
[Result "0-1"]
[WhiteTitle "WFM"]
[BlackTitle "WIM"]
[WhiteElo "2054"]
[BlackElo "2168"]
[WhiteFideId "102687"]
[BlackFideId "1009877"]
[EventDate "2012.11.16"]

1. e4 e5 2. Nf3 Nc6 3. Bb5 a6 4. Ba4 Nf6 5. O-O Be7 6. c3 O-O 7. Re1 d6 8. h3
Nb8 9. d4 Nbd7 10. Nbd2 c5 11. Bc2 Re8 12. Nf1 Bf8 13. Ng3 g6 14. Bg5 h6 15. Be3
Bg7 16. Qd2 Kh7 17. Rad1 Qc7 18. dxe5 dxe5 19. Qd6 Qxd6 20. Rxd6 Bf8 21. Rd2 b5
22. Red1 Nb6 23. b3 Bb7 24. Ne1 Rac8 25. f3 a5 26. Bd3 Bc6 27. Be2 Be7 28. Nd3
Nbd7 29. Nb2 Nf8 30. Nd3 N6d7 31. f4 exf4 32. Nxf4 Nf6 33. Nd5 Bxd5 34. exd5 Bd6
35. Bf2 Bxg3 36. Bxg3 Ne4 37. Bxb5 Nxg3 38. Bxe8 Rxe8 39. d6 Rd8 40. Rd5 Ne2+
41. Kh2 Nxc3 42. Rxc5 Ra8 0-1

[Event "UNAM w Prelim A"]
[Site "Mexico City MEX"]
[Date "2012.11.17"]
[Round "2.1"]
[White "Orlova, Yelizaveta"]
[Black "Nakhbayeva, Guliskhan"]
[Result "0-1"]
[WhiteTitle "WCM"]
[BlackTitle "WIM"]
[WhiteElo "1961"]
[BlackElo "2334"]
[WhiteFideId "2601826"]
[BlackFideId "13704788"]
[EventDate "2012.11.16"]

1. b3 e5 2. Bb2 Nc6 3. e3 Nf6 4. Bb5 Bd6 5. Ne2 O-O 6. d4 e4 7. Ng3 Re8 8. a3 a6
9. Be2 Bf8 10. c4 d6 11. Nc3 g6 12. Qc2 Qe7 13. Nd5 Nxd5 14. cxd5 Nd8 15. Rc1 c6
16. dxc6 bxc6 17. b4 d5 18. Bc3 Bd7 19. a4 Ne6 20. Rb1 Rec8 21. Qd2 h5 22. h4
Bg7 23. Nxh5 gxh5 24. Bxh5 Rf8 25. g4 f5 26. g5 f4 27. b5 Qd8 0-1

[Event "UNAM w Prelim A"]
[Site "Mexico City MEX"]
[Date "2012.11.17"]
[Round "2.2"]
[White "Nakhbayeva, Guliskhan"]
[Black "Orlova, Yelizaveta"]
[Result "1-0"]
[WhiteTitle "WIM"]
[BlackTitle "WCM"]
[WhiteElo "2334"]
[BlackElo "1961"]
[WhiteFideId "13704788"]
[BlackFideId "2601826"]
[EventDate "2012.11.16"]

1. d4 c5 2. d5 e5 3. e4 d6 4. Nc3 a6 5. a4 b6 6. Be2 Be7 7. f4 Nd7 8. Nf3 Bf6 9.
O-O Qe7 10. f5 h6 11. Be3 Bg5 12. Bf2 Nf8 13. Nb1 Bd7 14. Na3 g6 15. Nc4 Rb8 16.
Bg3 Bf6 17. a5 b5 18. Nb6 g5 19. Nd2 Bc8 20. Bh5 Nd7 21. Nxc8 Rxc8 22. b3 Qd8
23. Qe2 Ne7 24. Kh1 O-O 25. Rfe1 Kg7 26. Nf1 Qc7 27. Bf2 c4 28. b4 Rb8 29. Ng3
Rbc8 30. Ra3 c3 31. Rb3 Qc4 32. Qd1 Rb8 33. Re3 Qc7 34. Ra3 Rh8 35. Re1 Kf8 36.
Bg4 Ke8 1-0

[Event "UNAM w Prelim A"]
[Site "Mexico City MEX"]
[Date "2012.11.17"]
[Round "2.3"]
[White "Orlova, Yelizaveta"]
[Black "Nakhbayeva, Guliskhan"]
[Result "0-1"]
[WhiteTitle "WCM"]
[BlackTitle "WIM"]
[WhiteElo "1961"]
[BlackElo "2334"]
[WhiteFideId "2601826"]
[BlackFideId "13704788"]
[EventDate "2012.11.16"]

1. d4 Nf6 2. Nf3 e6 3. b3 b6 4. Bb2 Bb7 5. e3 d5 6. Nbd2 Bd6 7. c4 O-O 8. Bd3
Nbd7 9. O-O a6 10. h3 Ne4 11. Bxe4 dxe4 12. Ne5 Bxe5 13. dxe5 Qg5 14. Qg4 Qxg4
15. hxg4 Rfd8 16. Rfd1 Nc5 17. Bd4 Nd3 18. f3 exf3 19. Nxf3 Nb4 20. a3 Nc2 21.
Rac1 Be4 22. Ng5 Bg6 23. Kf2 Nxa3 24. Bb2 Nc2 25. e4 Rxd1 26. Rxd1 h6 27. Rd2
Nb4 28. Nf3 Bxe4 29. Ke3 Bg6 30. Rd7 Rc8 31. Bc3 Nc6 32. Nd4 Nxe5 33. Re7 0-1

[Event "UNAM w Prelim A"]
[Site "Mexico City MEX"]
[Date "2012.11.17"]
[Round "2.4"]
[White "Nakhbayeva, Guliskhan"]
[Black "Orlova, Yelizaveta"]
[Result "1-0"]
[WhiteTitle "WIM"]
[BlackTitle "WCM"]
[WhiteElo "2334"]
[BlackElo "1961"]
[WhiteFideId "13704788"]
[BlackFideId "2601826"]
[EventDate "2012.11.16"]

1. d4 c5 2. d5 Nf6 3. c4 b5 4. cxb5 a6 5. e3 axb5 6. Bxb5 Qa5+ 7. Nc3 Ne4 8. Ne2
g6 9. O-O Nxc3 10. Nxc3 Bg7 11. a4 O-O 12. d6 exd6 13. Qxd6 Ba6 14. Bd2 Qb4 15.
Nd5 Qxb2 16. Rab1 Qa2 17. Rfd1 Bxb5 18. axb5 c4 19. Nf6+ Kh8 20. Bc3 Qa3 21. Bb4
Qa2 1-0

[Event "UNAM w Prelim A"]
[Site "Mexico City MEX"]
[Date "2012.11.17"]
[Round "2.1"]
[White "Alexandrova, Olga"]
[Black "Pina Vega, Sulennis"]
[Result "1-0"]
[WhiteTitle "IM"]
[BlackTitle "WGM"]
[WhiteElo "2409"]
[BlackElo "2332"]
[WhiteFideId "14102463"]
[BlackFideId "3503151"]
[EventDate "2012.11.16"]

1. d4 d5 2. Nf3 Nf6 3. c4 dxc4 4. e3 a6 5. Bxc4 e6 6. Qe2 c5 7. dxc5 Bxc5 8. O-O
O-O 9. e4 Nc6 10. e5 Nd7 11. Bd3 g6 12. Bh6 Re8 13. Nbd2 Nd4 14. Nxd4 Bxd4 15.
Nf3 Bc5 16. Rfd1 b6 17. Be4 Ra7 18. Rac1 a5 19. Bc6 Qc7 20. Bb5 Rd8 21. Bg5 Rf8
22. Be7 Re8 23. Bd6 Qb7 24. Ng5 Bxd6 25. Rxd6 Re7 26. Qc4 Nc5 27. Qh4 h5 28.
Rd8+ Kg7 29. Qf4 Ra8 30. Bf1 1-0

[Event "UNAM w Prelim A"]
[Site "Mexico City MEX"]
[Date "2012.11.17"]
[Round "2.2"]
[White "Pina Vega, Sulennis"]
[Black "Alexandrova, Olga"]
[Result "0-1"]
[WhiteTitle "WGM"]
[BlackTitle "IM"]
[WhiteElo "2332"]
[BlackElo "2409"]
[WhiteFideId "3503151"]
[BlackFideId "14102463"]
[EventDate "2012.11.16"]

1. e4 c6 2. d3 d5 3. Nd2 e5 4. Ngf3 Qc7 5. g3 Nf6 6. Bg2 Bc5 7. O-O O-O 8. h3 h6
9. Re1 dxe4 10. dxe4 Be6 11. Qe2 Nbd7 12. Nf1 Rfe8 13. g4 Nf8 14. Nh4 Ng6 15.
Nf5 Nf4 16. Qf3 b5 17. N1g3 Rad8 18. Bf1 Kh7 19. Be3 Bf8 20. a4 b4 21. Rad1 g6
22. Nh4 Be7 23. Rxd8 Rxd8 24. Bxf4 exf4 25. Ne2 Nd7 26. Ng2 g5 27. e5 Nxe5 28.
Qe4+ f5 29. gxf5 Bd5 30. Qd4 Bf8 31. Ra1 0-1

[Event "UNAM w Prelim A"]
[Site "Mexico City MEX"]
[Date "2012.11.17"]
[Round "2.3"]
[White "Alexandrova, Olga"]
[Black "Pina Vega, Sulennis"]
[Result "1/2-1/2"]
[WhiteTitle "IM"]
[BlackTitle "WGM"]
[WhiteElo "2409"]
[BlackElo "2332"]
[WhiteFideId "14102463"]
[BlackFideId "3503151"]
[EventDate "2012.11.16"]

1. d4 c5 2. d5 e5 3. c4 d6 4. e4 Be7 5. Nf3 Nf6 6. Nc3 Nbd7 7. g3 Nf8 8. h4 a6
9. a4 Rb8 10. Rb1 Bg4 11. Bh3 Bxh3 12. Rxh3 Qd7 13. Rh1 h5 14. Bd2 Bd8 15. Ng5
Ba5 16. Qe2 Bxc3 17. Bxc3 Qxa4 18. f4 Ng4 19. b3 Qd7 20. fxe5 dxe5 21. b4 cxb4
22. Rxb4 f6 23. Nf3 Qc7 24. Nh2 Nxh2 25. Rxh2 Nd7 26. g4 hxg4 27. Qxg4 Nc5 28.
Rd2 Qd7 29. Qg3 g5 30. Bxe5 Nxe4 31. Qe3 Rxh4 32. Bxb8 Rh1+ 33. Ke2 Qg4+ 34. Kd3
Rh3 35. Qxh3 Qxh3+ 36. Kxe4 Qh1+ 37. Kd3 b5 38. cxb5 Qxd5+ 39. Kc3 Qc5+ 40. Kb3
Qe3+ 41. Kc2 Qc5+ 42. Kb3 Qe3+ 43. Kc2 Qc5+ 44. Kb3 a5 45. Re4+ 1/2-1/2